OECD public debt markets trends and recent structural changes

Na minha lista:
Detalhes bibliográficos
Formato: Livro
Idioma:inglês
Publicado em: Paris OECD 2002
Assuntos:
Tags: Adicionar Tag
Sem tags, seja o primeiro a adicionar uma tag!

MARC

LEADER 00000nam a2200000 4500
001 c141618
005 20221124095058.1
020 |a 92-64-19761-3 
041 0 |a eng 
044 |a FR 
245 1 0 |a OECD public debt markets  |b trends and recent structural changes 
264 1 |a Paris  |b OECD  |c 2002 
300 |a 283 s. 
610 2 0 |a trh 
610 2 0 |a zadlženosť 
610 2 0 |a zmeny štruktúrne 
610 2 0 |a dlhy verejné 
610 2 0 |a porovnanie medzinárodné 
610 2 0 |a svet 
610 2 0 |a OECD